Engineering Drawing and graphics cring auto cad (Record no. 2477)

MARC details
000 -LEADER
fixed length control field 00454nam a22001697a 4500
005 - DATE AND TIME OF LATEST TRANSACTION
control field 20160613105015.0
008 - FIXED-LENGTH DATA ELEMENTS--GENERAL INFORMATION
fixed length control field 160613b xxu||||| |||| 00| 0 eng d
020 ## - INTERNATIONAL STANDARD BOOK NUMBER
ISBN 978-81259-4000-5
041 ## - LANGUAGE CODE
Language code of text/sound track or separate title eng
082 ## - DEWEY DECIMAL CLASSIFICATION NUMBER
Item number 7144
100 ## - MAIN ENTRY--AUTHOR NAME
Personal name Jeyapoovan T
245 ## - TITLE STATEMENT
Title Engineering Drawing and graphics cring auto cad
260 ## - PUBLICATION, DISTRIBUTION, ETC. (IMPRINT)
Place of publication New Delhi
Name of publisher Vikas Publishing House (P) Ltd.
Year of publication 2010
300 ## - PHYSICAL DESCRIPTION
Number of Pages 686
650 ## - SUBJECT ADDED ENTRY--TOPICAL TERM
Topical Term DIPLOMA ENGINEERING
942 ## - ADDED ENTRY ELEMENTS (KOHA)
Koha item type Books
Holdings
Lost status Damaged status Home library Current library Shelving location Date acquired Cost, normal purchase price Full call number Accession Number Koha item type
    JRU Library   Shelf - 27- I 13/06/2016 395.00 7144 7144 Books
    JRU Library   Shelf - 27- I 13/06/2016 395.00 7144 7145 Books
    JRU Library   Shelf - 27- I 13/06/2016 395.00 7144 7146 Books